| 000 | 00707nam a2200217 i 4500 | ||
|---|---|---|---|
| 001 | 68892 | ||
| 003 | ES-MaACL | ||
| 005 | 20230906170404.0 | ||
| 007 | t| | ||
| 008 | 040723n19001910xxk ||||1| eng d | ||
| 100 | 1 |
_aHewlett, Maurice. _963515 |
|
| 245 | 1 | 0 |
_aNew Canterbury tales / _cby Maurice Hewlett ; illustrated by E. J. Sullivan. |
| 260 |
_aLondon : _bThe Amalgamated Press Limited, _c[190?] |
||
| 300 |
_a162 p., [3] h. de lám. ; _c22 cm. |
||
| 490 | 1 |
_aDaily Mail sixpenny novels ; _v27 |
|
| 500 | _aIlustraciones fechadas en 1903. | ||
| 700 | 1 |
_aSullivan, Edmund J. _9108756 |
|
| 830 | 0 |
_aDaily Mail sixpenny novels ; _v27 _9230967 |
|
| 852 |
_aES-MaACL _jC-3341 |
||
| 999 |
_c68892 _d68892 |
||